00721nam a2200193Ia 4500952016100000999001700161003000400178005001700182008004100199020001800240040000900258082002000267100002900287245009100316260004900407300000900456650001600465942004600481 00102ddc40708 Engineering & allied operations aMESbMEScMATd2019-02-20g795.00l0o621.3824 MON/Ip37128r2019-02-20 00:00:00w2019-02-20yBKzGL10R6 c32413d32413OSt20201014100858.0190216s9999||||xx |||||||||||||| ||und|| a9789380381282 coclc a621.3824bMON/I aMonzingo, Robert A95686 0aIntroduction To Adaptive Arrays /cRobert A Monzingo ; Randy L Haupt ; Thomas W Miller bYes Dee Publishing Pvt Ltd,c2012.aChennai: a541p aMathematics cBK2ddch621.3824iMON/Ik621.3824mMON/I